Statystyki dla TOP 5 Największych Miast Barbadosu

Kliknij tutaj aby rozwiązać quiz!

Ogólne statystyki

  • Ten quiz został rozwiązany 6 razy
  • Średni wynik to 2 z 5

Statystyki odpowiedzi

MiejscePołożenieLudnośćMiasto% Poprawnych
1.Zachodnio -
Południowe
90 tysBridgetown
100%
3.Zachodnie1 tysHoletown
40%
5.Południowe1 tysOistins
40%
4.Wschodnie1 tysBathsheba
20%
2.Zachodnio -
Północne
2 tysSpeightstown
20%

Rozkład punktacji

Percentyl według liczby udzielonych odpowiedzi

Procent ludzi z każdym wynikiem

Twoja historia wyników

Nie rozwiązałeś tego quizu